000 00326nam a22001457a 4500
003 SGT
020 _a978-1-4511-1660-1
082 _a617
_bL13C
100 _aCESTARI, DEAN M.
245 _aLEARING STRABISMUS SURGERY
260 _aPHILADELPHIA
_bWOLTERS KLUWER
_c2013
300 _a241
650 _aSURGERY
942 _2ddc
_cBK
999 _c19633
_d19633